000 01237nam a22003497a 4500
003 CHAP
005 20220329143503.0
008 100125s2004 mx a r 00010 spa d
010 _a97380
011 _a98352
020 _a9680300447
035 _a109037
040 _cCHAP
090 _aFolleto 17500
245 0 3 _aLinalita ihuan Linalito :
_bKeniki tihueliske tikapeobecharoske kuali se kotle de tochan
_c/por Paul Hersch-Martínez ...[et al.]
260 _aMéxico, D.F. :
_bINAH. Programa Actores Sociales de la Flora Medicinal en México,
_c2004
300 _a32 p. :
_bilus.
490 0 _aSerie Patrimonio vivo
_v; 7
590 _aBATCH-UPD
_b10
_c20130110
_lUCH01
_h1346
590 _aBATCH-UPD
_b10
_c20130410
_lUCH01
_h0845
590 _aBATCH-UPD
_b10
_c20130914
_lUCH01
_h0757
590 _aCONVERSION
_b10
_c20130109
_lUCH01
_h1354
650 1 4 _aBursera.
_916284
650 1 4 _aLinaloe.
_966894
650 1 4 _aMadera
_xPropiedades y usos.
_969621
700 1 _aHersch Martínez, Paul.
_955001
830 0 _aSerie Patrimonio vivo
_v; 7
_9104987
901 _aBK
942 _cFOLL
949 _aFolleto 17500
_bBC
_cFOLL
_d33724002134173
_eTS2
_fc.2
_i109037
_sb
949 _aFolleto 17500
_bBC
_cFOLL
_d33724002139769
_eTS1
_i109037
_sb
999 _c97380
_d97380